<?xml version="1.0" encoding="UTF-8"?>
<record
    xmlns:xsi="http://www.w3.org/2001/XMLSchema-instance"
    xsi:schemaLocation="http://www.loc.gov/MARC21/slim http://www.loc.gov/standards/marcxml/schema/MARC21slim.xsd"
    xmlns="http://www.loc.gov/MARC21/slim">

  <leader>00704nam a22001097a 4500</leader>
  <controlfield tag="008">110607t        xxu||||| |||| 00| 0 eng d</controlfield>
  <datafield tag="010" ind1=" " ind2=" ">
    <subfield code="a">SCCAF10</subfield>
  </datafield>
  <datafield tag="245" ind1=" " ind2=" ">
    <subfield code="a">Suprime Court Civil Appeal No.4 1999 Habre International Co. Ltd vs Ebrahim Alakia Kassam and others</subfield>
  </datafield>
  <datafield tag="260" ind1=" " ind2=" ">
    <subfield code="c">1999</subfield>
  </datafield>
  <datafield tag="500" ind1=" " ind2=" ">
    <subfield code="a">CORAM: Wambuzi C.J., Karokora , Mulenga Kanyeimba, Mukasa Kikonyogo, J.J.S.C. </subfield>
  </datafield>
  <datafield tag="500" ind1=" " ind2=" ">
    <subfield code="a">Appeal from the judgment /Decree of the court of Appeal before Justice Mayindo D.C.J  Okello and Engwau , JJA,dated 2 December 1998 in Civil  Appeal No. 4  of 1997 arising  from the Judgment and  Decree of high court  of Uganda  by Justice  Mpagi - Bahigeine, J. dated 9 January 1996 in High Court  Civil Suit No. 199 of1992</subfield>
  </datafield>
  <datafield tag="999" ind1=" " ind2=" ">
    <subfield code="c">2464</subfield>
    <subfield code="d">2464</subfield>
  </datafield>
  <datafield tag="952" ind1=" " ind2=" ">
    <subfield code="0">0</subfield>
    <subfield code="1">0</subfield>
    <subfield code="2">ddc</subfield>
    <subfield code="4">0</subfield>
    <subfield code="6">SCCAF___10</subfield>
    <subfield code="7">0</subfield>
    <subfield code="9">3404</subfield>
    <subfield code="a">MAIN</subfield>
    <subfield code="b">MAIN</subfield>
    <subfield code="c">LRP</subfield>
    <subfield code="d">2011-06-07</subfield>
    <subfield code="l">0</subfield>
    <subfield code="o">SCCAF__10</subfield>
    <subfield code="p">4/1999/1</subfield>
    <subfield code="r">2011-06-07 00:00:00</subfield>
    <subfield code="w">2011-06-07</subfield>
    <subfield code="y">URC</subfield>
  </datafield>
  <datafield tag="952" ind1=" " ind2=" ">
    <subfield code="0">0</subfield>
    <subfield code="1">0</subfield>
    <subfield code="2">ddc</subfield>
    <subfield code="4">0</subfield>
    <subfield code="6">SCCAF___10</subfield>
    <subfield code="7">0</subfield>
    <subfield code="9">3405</subfield>
    <subfield code="a">MAIN</subfield>
    <subfield code="b">MAIN</subfield>
    <subfield code="c">LRP</subfield>
    <subfield code="d">2011-06-07</subfield>
    <subfield code="l">0</subfield>
    <subfield code="o">SCCAF__10</subfield>
    <subfield code="p">4/1999/2</subfield>
    <subfield code="r">2011-06-07 00:00:00</subfield>
    <subfield code="w">2011-06-07</subfield>
    <subfield code="y">URC</subfield>
  </datafield>
  <datafield tag="952" ind1=" " ind2=" ">
    <subfield code="0">0</subfield>
    <subfield code="1">0</subfield>
    <subfield code="2">ddc</subfield>
    <subfield code="4">0</subfield>
    <subfield code="6">SCCAF_10</subfield>
    <subfield code="7">0</subfield>
    <subfield code="9">15906</subfield>
    <subfield code="a">MAIN</subfield>
    <subfield code="b">MAIN</subfield>
    <subfield code="c">LRP</subfield>
    <subfield code="d">2019-07-10</subfield>
    <subfield code="l">0</subfield>
    <subfield code="o">SCCAF:10</subfield>
    <subfield code="p">504/2019</subfield>
    <subfield code="r">2019-07-10 00:00:00</subfield>
    <subfield code="w">2019-07-10</subfield>
    <subfield code="y">URC</subfield>
  </datafield>
  <datafield tag="952" ind1=" " ind2=" ">
    <subfield code="0">0</subfield>
    <subfield code="1">0</subfield>
    <subfield code="2">ddc</subfield>
    <subfield code="4">0</subfield>
    <subfield code="6">SCCAF_10</subfield>
    <subfield code="7">0</subfield>
    <subfield code="9">15907</subfield>
    <subfield code="a">MAIN</subfield>
    <subfield code="b">MAIN</subfield>
    <subfield code="c">LRP</subfield>
    <subfield code="d">2019-07-10</subfield>
    <subfield code="l">0</subfield>
    <subfield code="o">SCCAF:10</subfield>
    <subfield code="p">505/2019</subfield>
    <subfield code="r">2019-07-10 00:00:00</subfield>
    <subfield code="w">2019-07-10</subfield>
    <subfield code="y">URC</subfield>
  </datafield>
</record>
